000 01247 a2200253 4500
001 40705
005 20260407155702.0
008 260407a2014 arg spa d
003 AR-UNSa-BCEJYS
040 _aAR-UNSa-BCEJYS
_bspa
_cAR-UNSa-BCEJYS
080 _a336.71
_xBancos. Sistema bancario
245 1 0 _aThe economics of banking
020 _a978-1-118-63920-7
250 _a3a. ed.
264 1 _aChichester :
_bJohn Wiley & Sons
_c2014
300 _axv, 336 p.
_c24 cm.
505 _a1. Trends in Domestic and International Banking - 2. Financial Intermediation: The Impact of the Capital Market - 3. Banks and Financial Intermediation - 4. Banking Typology - 5. International Banking - 6. The Theory of the Banking Firm - 7. Models of Banking Behaviour - 8. Credit Rationing - 9. Securitization - 10. Banking Efficiency and the Structure of Banking - 11. Banking Competition - 12. Bank Regulation - 13. Banks and Money Laundering - 14. Risk Management - 15. The Macroeconomics of Banking
041 _aspa
942 _cBK
590 _aniveau_biblio:m niveau_hierar:0
100 1 _aThompson, John
700 1 _aMatthews, Kent
856 4 1 _uhttps://biblioeco.unsa.edu.ar/pmb/images/libros/L126246.jpg
_yImagen de portada
_qimage/jpeg
999 _c3293
_d3293